The mosque as a community center : a concept and evolution

Bibliographic Details
Main Author: Dr.Spahic Omer
Format: Book
Published: K.L : A.S Noordeen , 2014
Subjects:

MARC

LEADER 00000cam a2200000 7i4500
001 0000078385
005 20180205.0
008 050218
020 |a 9789830653587 
041 0 |a English 
090 0 0 |a 297.65   |b SPA 
100 0 |a Dr.Spahic Omer 
245 1 0 |a The mosque as a community center :   |b a concept and evolution   |c Dr.Spahic Omer 
260 |a K.L :   |b A.S Noordeen ,   |c 2014 
300 |a 382p. ;   |c 23cm. 
541 0 0 |c Purchased on 2017 
650 0 |a Malaysia   |x social conditions 
999 |a 0001498617   |b Book   |c Adult Collection   |e Cawangan Taman Sri Lambak 
999 |a 0001498618   |b Book   |c Adult Collection   |e Cawangan Bandar Tenggara 
999 |a 0001498619   |b Book   |c Adult Collection   |e Cawangan Segamat 
999 |a 0001498620   |b Book   |c Adult Collection   |e Cawangan Muar 
999 |a 0001498621   |b Book   |c Adult Collection   |e Cawangan Batu Pahat 
999 |a 0001498622   |b Book   |c Adult Collection   |e Cawangan Kota Tinggi 
999 |a 0001498623   |b Book   |c Adult Collection   |e Cawangan Tangkak 
999 |a 0001498624   |b Book   |c Adult Collection   |e Cawangan Bukit Gambir 
999 |a 0001498625   |b Book   |c Adult Collection   |e Cawangan Bandar Penawar 
999 |a 0001498626   |b Book   |c Adult Collection   |e Cawangan Mersing 
999 |a 0001498627   |b Book   |c Adult Collection   |e Cawangan Sri Merlong 
999 |a 0001498628   |b Book   |c Adult Collection   |e Cawangan Pontian 
999 |a 0001498629   |b Book   |c Adult Collection   |e Cawangan Tmn. Ungku Tun Aminah 
999 |a 0001504528   |b Book   |c Adult Collection   |e Perbadanan Perpustakaan Awam Johor 
999 |a 0001504529   |b Book   |c Adult Collection   |e Cawangan Urban Transformation Centre 
999 |a 0001504530   |b Book   |c Adult Collection   |e Cawangan AEON Kulaijaya